[Event "ROM-ch U14"]
[Site "Calimanesti"]
[Date "2015.03.30"]
[Round "1"]
[White "Palii, Alex"]
[Black "Andrei, Gheorghe"]
[Result "1-0"]
[WhiteElo "1640"]
[BlackElo "1001"]
[PlyCount "87"]
[EventDate "2015.03.30"]
[EventType "swiss"]
[EventRounds "9"]
[EventCountry "ROU"]
[SourceTitle "CBM 165 Extra"]
[Source "ChessBase"]
[SourceDate "2015.04.21"]
[SourceVersion "1"]
[SourceVersionDate "2015.04.21"]
[SourceQuality "1"]

1. e4 e5 2. Bc4 Nf6 3. Nc3 Nc6 4. d3 Bc5 5. f4 d6 6. f5 a5 7. Bg5 h6 8. Bd2 0-0 9. Nf3 Nd4 10. Nxd4 Bxd4 11. Qf3 b6 12. 0-0-0 Bd7 13. a3 Qe8 14. Bd5 c6 15. Ba2 b5 16. Ne2 b4 17. a4 c5 18. b3 Bxa4 19. bxa4 Qxa4 20. Kb1 Qa3 21. Nxd4 exd4 22. Bb3 a4 23. Bc1 Qxc1+ 24. Kxc1 axb3 25. Kd2 Ra2 26. Rc1 Rc8 27. e5 dxe5 28. Qb7 Rca8 29. h3 R2a7 30. Qc6 Ra6 31. Qxc5 Ra2 32. Qxb4 Nd5 33. Qxb3 Ne3 34. g4 R8a3 35. Qb8+ Kh7 36. Qxe5 Rc3 37. Qxd4 Raxc2+ 38. Rxc2 Rxc2+ 39. Kxe3 Rc6 40. Rf1 f6 41. Qd7 Rb6 42. Rc1 Rb3 43. Rc7 Rb2 44. Qxg7# 1-0

[Event "ROM-ch"]
[Site "Sarata Monteoru"]
[Date "2012.02.15"]
[Round "4"]
[White "Andrei, Gheorghe"]
[Black "Baciu, Alexandru"]
[Result "1-0"]
[WhiteElo "1777"]
[BlackElo "1688"]
[PlyCount "53"]
[EventDate "2012.02.13"]
[EventType "swiss"]
[EventRounds "11"]
[EventCountry "ROU"]
[SourceTitle "CBM 147 Extra"]
[Source "ChessBase"]
[SourceDate "2012.04.24"]
[SourceVersion "1"]
[SourceVersionDate "2012.04.24"]
[SourceQuality "1"]

1. e4 c5 2. c3 d5 3. exd5 Qxd5 4. d4 Nc6 5. Nf3 Bg4 6. Be2 0-0-0 7. 0-0 e6 8. Bf4 Nf6 9. Na3 Be7 10. Qa4 h6 11. h3 Bh5 12. Rfe1 g5 13. Bg3 Ne4 14. Bc4 Qf5 15. Bd3 Bxf3 16. gxf3 Nxc3 17. Qc2 Qxh3 18. bxc3 cxd4 19. Nc4 dxc3 20. Bf1 Qh5 21. Bg2 f5 22. Be5 Nxe5 23. Nxe5 Kb8 24. Qxc3 f4 25. Rab1 Rd6 26. Nc6+ Rxc6 27. Qxc6 1-0

[Event "ROM-ch"]
[Site "Sarata Monteoru"]
[Date "2012.02.15"]
[Round "3"]
[White "Rosca, Grigore"]
[Black "Andrei, Gheorghe"]
[Result "1/2-1/2"]
[WhiteElo "1668"]
[BlackElo "1777"]
[PlyCount "113"]
[EventDate "2012.02.13"]
[EventType "swiss"]
[EventRounds "11"]
[EventCountry "ROU"]
[SourceTitle "CBM 147 Extra"]
[Source "ChessBase"]
[SourceDate "2012.04.24"]
[SourceVersion "1"]
[SourceVersionDate "2012.04.24"]
[SourceQuality "1"]

1. e4 d6 2. f4 e5 3. Nf3 Bg4 4. Bc4 Nf6 5. Nc3 c6 6. fxe5 dxe5 7. Bxf7+ Kxf7 8. Nxe5+ Kg8 9. Nxg4 Bc5 10. Nxf6+ Qxf6 11. Qf3 Qe7 12. Ne2 Nd7 13. d4 Rf8 14. Qb3+ Rf7 15. Rf1 Bb6 16. Bg5 Qe8 17. 0-0-0 h6 18. Rxf7 Qxf7 19. Qxf7+ Kxf7 20. Rf1+ Ke8 21. Bh4 Nf8 22. c4 Ne6 23. c5 Bc7 24. b4 g5 25. Bg3 Bf4+ 26. Bxf4 gxf4 27. d5 cxd5 28. exd5 Nc7 29. d6 Nd5 30. b5 Kd7 31. Nxf4 Rf8 32. g3 Nc3 33. a4 Nxa4 34. Re1 Nxc5 35. Kc2 Rf6 36. Ra1 a6 37. bxa6 bxa6 38. Rd1 Ne4 39. Ra1 Rxd6 40. Rd1 Rxd1 41. Kxd1 Kd6 42. Kc2 Ke5 43. Kd3 Nf2+ 44. Ke2 Ng4 45. h3 Nf6 46. Nd3+ Kf5 47. Kf3 Nd7 48. g4+ Kg6 49. h4 Kf6 50. g5+ hxg5 51. hxg5+ Kxg5 52. Ke3 Kf5 53. Kd4 Ke6 54. Kc4 Kd6 55. Kb4 Kc6 56. Ka5 Kb7 57. Nb4 1/2-1/2

[Event "ROM-ch"]
[Site "Sarata Monteoru"]
[Date "2012.02.13"]
[Round "1"]
[White "Paval, George"]
[Black "Andrei, Gheorghe"]
[Result "1-0"]
[WhiteElo "2229"]
[BlackElo "1777"]
[PlyCount "99"]
[EventDate "2012.02.13"]
[EventType "swiss"]
[EventRounds "11"]
[EventCountry "ROU"]
[SourceTitle "CBM 147 Extra"]
[Source "ChessBase"]
[SourceDate "2012.04.24"]
[SourceVersion "1"]
[SourceVersionDate "2012.04.24"]
[SourceQuality "1"]

1. c4 e5 2. g3 c6 3. Nf3 e4 4. Nd4 d5 5. cxd5 cxd5 6. Bg2 Nc6 7. Nxc6 bxc6 8. 0-0 f5 9. d4 Nf6 10. Bf4 Be7 11. Nc3 0-0 12. Rc1 Bd7 13. Na4 h6 14. Nc5 Bxc5 15. Rxc5 g5 16. Bd6 Rf7 17. Rc3 Be8 18. Ba3 f4 19. gxf4 gxf4 20. Bh3 Bd7 21. Kh1 Bxh3 22. Rxh3 Kh7 23. Rg1 Qd7 24. Rh4 Qf5 25. Qc1 Nh5 26. Qxc6 Rc8 27. Qd6 Rcc7 28. Qe5 Qxe5 29. dxe5 Ng7 30. Rhg4 Rc6 31. Bf8 Rcc7 32. Bxg7 Rxg7 33. Rxf4 Rge7 34. Rf5 Rc2 35. f4 Rxb2 36. Rf6 Rxe2 37. e6 Rb2 38. Rgg6 Rb8 39. Kg2 Rg7 40. Rxg7+ Kxg7 41. Rf7+ Kg8 42. f5 Rb2+ 43. Kg3 e3 44. f6 e2 45. Rg7+ Kh8 46. Kf2 Rb4 47. Rxa7 Re4 48. Ra8+ Kh7 49. Ke1 Rxe6 50. f7 1-0

[Event "Miercurea Ciuc Banc Post op 14th"]
[Site "Miercurea Ciuc"]
[Date "2011.08.14"]
[Round "4"]
[White "Sandor, Attila1111"]
[Black "Andrei, Gheorghe"]
[Result "0-1"]
[WhiteElo "1584"]
[BlackElo "1820"]
[PlyCount "82"]
[EventDate "2011.08.12"]
[EventType "swiss"]
[EventRounds "9"]
[EventCountry "ROU"]
[SourceTitle "CBM 144 Extra"]
[Source "ChessBase"]
[SourceDate "2011.10.28"]
[SourceVersion "1"]
[SourceVersionDate "2011.10.28"]
[SourceQuality "1"]

1. e4 d6 2. Nf3 g6 3. Bc4 h6 4. d4 Bg7 5. Nc3 Bg4 6. Be3 Nd7 7. h3 Bxf3 8. Qxf3 Ngf6 9. 0-0-0 e5 10. Qe2 0-0 11. f4 exf4 12. Bxf4 Nh5 13. Bh2 a6 14. Rhf1 b5 15. Bb3 Nb6 16. g4 Nf6 17. Rf3 b4 18. e5 bxc3 19. exf6 cxb2+ 20. Kxb2 Bxf6 21. Qf2 Kg7 22. Rf1 Nd7 23. Bg3 c5 24. c3 cxd4 25. cxd4 a5 26. Ka1 a4 27. Bd5 Ra6 28. h4 g5 29. Rb1 Qa5 30. Bc4 Rb6 31. Rf1 d5 32. Bxd5 Qxd5 33. Rxf6 Nxf6 34. Be5 Qc6 35. d5 Qb7 36. Bxf6+ Kg8 37. hxg5 Rb8 38. Qf5 Rb2 39. gxh6 Rxa2+ 40. Kxa2 Qb3+ 41. Ka1 Qa3# 0-1

[Event "Miercurea Ciuc Banc Post op 14th"]
[Site "Miercurea Ciuc"]
[Date "2011.08.13"]
[Round "2"]
[White "Tratatovici, Dan"]
[Black "Andrei, Gheorghe"]
[Result "1-0"]
[WhiteElo "2208"]
[BlackElo "1820"]
[PlyCount "47"]
[EventDate "2011.08.12"]
[EventType "swiss"]
[EventRounds "9"]
[EventCountry "ROU"]
[SourceTitle "CBM 144 Extra"]
[Source "ChessBase"]
[SourceDate "2011.10.28"]
[SourceVersion "1"]
[SourceVersionDate "2011.10.28"]
[SourceQuality "1"]

1. e4 d6 2. d4 g6 3. Nc3 Bg7 4. f4 Nc6 5. Be3 e5 6. dxe5 dxe5 7. Qxd8+ Kxd8 8. 0-0-0+ Bd7 9. g3 Nge7 10. Bh3 f5 11. Nf3 Bh6 12. Nd5 Nxd5 13. exd5 Nb8 14. Nxe5 Ke8 15. Bd4 Rg8 16. Rhe1 Kf8 17. Bc5+ Kg7 18. Nxd7 Nxd7 19. Re7+ Kh8 20. Rxd7 Bg7 21. Rxc7 Rgc8 22. d6 b6 23. Rxc8+ Rxc8 24. d7 1-0

[Event "ROM-ch op"]
[Site "Sarata Monteoru"]
[Date "2011.02.16"]
[Round "6"]
[White "Moldovan, Gheorghe Zamfir"]
[Black "Andrei, Gheorghe"]
[Result "1-0"]
[WhiteElo "2056"]
[BlackElo "1859"]
[PlyCount "120"]
[EventDate "2011.02.12"]
[EventType "swiss"]
[EventRounds "11"]
[EventCountry "ROU"]
[SourceTitle "EXT 2013"]
[Source "ChessBase"]
[SourceDate "2012.11.22"]
[SourceVersion "1"]
[SourceVersionDate "2012.11.22"]
[SourceQuality "1"]

1. c4 e5 2. Nc3 c6 3. d4 exd4 4. Qxd4 Nf6 5. e4 Na6 6. Bg5 Nb4 7. Rc1 Be7 8. e5 Ng8 9. Bxe7 Qxe7 10. Be2 Qg5 11. Qd2 Qxe5 12. Nf3 Qe7 13. 0-0 Nf6 14. Rfe1 0-0 15. a3 Na6 16. Bd3 Qd8 17. Qf4 Nc5 18. Bc2 Ne6 19. Qh4 d5 20. cxd5 cxd5 21. Rcd1 h6 22. Re5 Qb6 23. Nxd5 Nxd5 24. Rexd5 Qxb2 25. Qe4 f5 26. Rxf5 Rxf5 27. Qxf5 Nf8 28. Qd3 Be6 29. Rb1 Qa2 30. Rxb7 Rc8 31. Ne1 Qa1 32. Rb1 Qe5 33. Nf3 Qc3 34. Ne1 Qa5 35. a4 Rd8 36. Qe3 Bf5 37. Bb3+ Kh8 38. Rd1 Rxd1 39. Bxd1 Qd8 40. Bb3 a5 41. f4 Nh7 42. h3 Nf6 43. Kh2 Qb8 44. Nf3 Nh5 45. Ne5 Nf6 46. g4 Bb1 47. h4 Qc8 48. g5 hxg5 49. hxg5 Ne4 50. g6 Nd6 51. Nf7+ Nxf7 52. gxf7 Bg6 53. Qh3+ Qxh3+ 54. Kxh3 Bxf7 55. Bxf7 Kh7 56. Kg4 g6 57. Kg5 Kh8 58. Bxg6 Kg7 59. f5 Kg8 60. Kf6 Kh8 1-0

[Event "ROM-ch op"]
[Site "Sarata Monteoru"]
[Date "2011.02.14"]
[Round "3"]
[White "Andrei, Gheorghe"]
[Black "Varlan, Hervig Ioan"]
[Result "0-1"]
[WhiteElo "1859"]
[BlackElo "2203"]
[PlyCount "76"]
[EventDate "2011.02.12"]
[EventType "swiss"]
[EventRounds "11"]
[EventCountry "ROU"]
[SourceTitle "CBM 140 Extra"]
[Source "ChessBase"]
[SourceDate "2011.03.01"]
[SourceVersion "1"]
[SourceVersionDate "2011.03.01"]
[SourceQuality "1"]

1. e4 c5 2. c3 d5 3. exd5 Qxd5 4. d4 e6 5. Nf3 Nf6 6. Be2 Be7 7. 0-0 0-0 8. Bd3 Nc6 9. Bf4 a6 10. a4 b6 11. Na3 cxd4 12. Nc4 Qd8 13. cxd4 Nb4 14. Nce5 Bb7 15. Qe2 Nfd5 16. Be3 Nxd3 17. Nxd3 a5 18. Rfc1 Ba6 19. Qd1 Bf6 20. Nde5 Nb4 21. Nc6 Nxc6 22. Rxc6 Bb7 23. Rcc1 Qd5 24. Rc7 Rfd8 25. Rac1 e5 26. h3 exd4 27. Bf4 d3 28. b3 Bd4 29. R7c4 Bc5 30. Bd2 Re8 31. Rg4 Re2 32. Rg5 Bxf2+ 33. Kf1 Qd6 34. Ng1 Rae8 35. Nf3 Bxf3 36. gxf3 Bc5 37. Rg2 Rxg2 38. Kxg2 Re2+ 0-1

[Event "Miercurea Ciuc Banc Post op 13th"]
[Site "Miercurea Ciuc"]
[Date "2010.08.15"]
[Round "6"]
[White "Andrei, Gheorghe"]
[Black "Camarascu, Radu Stefan"]
[Result "0-1"]
[WhiteElo "1909"]
[BlackElo "1752"]
[PlyCount "84"]
[EventDate "2010.08.10"]
[EventType "swiss"]
[EventRounds "9"]
[EventCountry "ROU"]
[SourceTitle "EXT 2012"]
[Source "ChessBase"]
[SourceDate "2011.11.24"]
[SourceVersion "1"]
[SourceVersionDate "2011.11.24"]
[SourceQuality "1"]

1. d3 d5 2. g3 e5 3. Bg2 c5 4. b3 f5 5. Nc3 Be6 6. Nf3 d4 7. Na4 Nc6 8. 0-0 Nf6 9. Ba3 Nd7 10. Bc1 h6 11. Nh4 g5 12. Ng6 Rg8 13. Nxf8 Rxf8 14. Ba3 Qe7 15. e4 0-0-0 16. exf5 Bxf5 17. Nb2 Kc7 18. Nc4 b5 19. Nd2 Nb6 20. Qe2 Qd6 21. Ne4 Bxe4 22. Qxe4 b4 23. Bb2 Nd5 24. a3 a5 25. axb4 Ncxb4 26. Rxa5 Nxc2 27. Rc1 Kb6 28. Ra4 Ncb4 29. Rca1 Qf6 30. Qe2 Qxf2+ 31. Qxf2 Rxf2 32. Kxf2 Nxd3+ 33. Kg1 Nxb2 34. Ra6+ Kb5 35. Be4 d3 36. R6a2 Nc3 37. Ra5+ Kb4 38. Ra8 Rxa8 39. Rxa8 Nxe4 40. Kg2 d2 41. Rb8+ Kc3 42. Kf3 d1Q+ 0-1

[Event "Miercurea Ciuc Banc Post op 13th"]
[Site "Miercurea Ciuc"]
[Date "2010.08.15"]
[Round "7"]
[White "Ghinea, Constantin"]
[Black "Andrei, Gheorghe"]
[Result "1-0"]
[WhiteElo "1813"]
[BlackElo "1909"]
[PlyCount "111"]
[EventDate "2010.08.10"]
[EventType "swiss"]
[EventRounds "9"]
[EventCountry "ROU"]
[SourceTitle "EXT 2012"]
[Source "ChessBase"]
[SourceDate "2011.11.24"]
[SourceVersion "1"]
[SourceVersionDate "2011.11.24"]
[SourceQuality "1"]

1. e4 d6 2. d4 g6 3. Nc3 Bg7 4. Be2 Nd7 5. Be3 b6 6. Nf3 Bb7 7. 0-0 a5 8. Qd2 e5 9. Rad1 Ngf6 10. d5 h6 11. h3 Nc5 12. Bd3 Qe7 13. Rfe1 Kf8 14. Nh2 Kg8 15. Kh1 Bc8 16. Rg1 Kh7 17. g4 Bd7 18. Rg3 Kg8 19. Nf3 Rb8 20. Bxc5 bxc5 21. b3 Nh7 22. h4 Nf6 23. Rdg1 Qd8 24. a4 Qc8 25. Nh2 Nh7 26. Nd1 Qd8 27. h5 Ng5 28. Qxa5 Rb4 29. f3 Kh7 30. Bc4 Rg8 31. Nf2 gxh5 32. gxh5 f5 33. Nd3 f4 34. Rxg5 hxg5 35. Nxb4 cxb4 36. Qxb4 Be8 37. Rg2 Bxh5 38. Ng4 Kg6 39. a5 Rh8 40. Kg1 Qa8 41. Rh2 Qa7+ 42. Kf1 Qd4 43. Qd2 Qa1+ 44. Kg2 Rf8 45. Rh1 Qa3 46. Be2 Rb8 47. Qc3 Bxg4 48. fxg4 c5 49. Ra1 Qb4 50. Qxb4 cxb4 51. a6 Rc8 52. Bc4 Rf8 53. a7 f3+ 54. Kf2 Rf4 55. Kg3 Rxe4 56. Bd3 1-0

[Event "Miercurea Ciuc Banc Post op 12th"]
[Site "Miercurea Ciuc"]
[Date "2009.08.10"]
[Round "2"]
[White "Andrei, Gheorghe"]
[Black "Ghinea, Constantin"]
[Result "1-0"]
[WhiteElo "1986"]
[BlackElo "1786"]
[PlyCount "55"]
[EventDate "2009.08.09"]
[EventType "swiss"]
[EventRounds "9"]
[EventCountry "ROU"]
[SourceTitle "CBM 131 Extra"]
[Source "ChessBase"]
[SourceDate "2009.09.03"]
[SourceVersion "2"]
[SourceVersionDate "2009.09.16"]
[SourceQuality "1"]

1. e4 d6 2. f4 Nf6 3. Nc3 g6 4. d4 Bg7 5. e5 Ng4 6. Be2 Nh6 7. Nf3 0-0 8. 0-0 c5 9. dxc5 dxc5 10. Be3 b6 11. Qd5 Qxd5 12. Nxd5 Nc6 13. Bb5 Nd4 14. Nxe7+ Kh8 15. Nxd4 cxd4 16. Bxd4 Bb7 17. f5 Rfd8 18. c3 Ng4 19. f6 Bh6 20. Rae1 Bf8 21. h3 Nh6 22. e6 a6 23. Bc6 Bxc6 24. Nxc6 Bc5 25. Bxc5 bxc5 26. Nxd8 Rxd8 27. e7 Re8 28. Re5 1-0

[Event "Miercurea Ciuc Banc Post op 11th"]
[Site "Miercurea Ciuc"]
[Date "2008.08.21"]
[Round "6"]
[White "Todoran, Maria Elena"]
[Black "Andrei, Gheorghe"]
[Result "0-1"]
[WhiteElo "1821"]
[BlackElo "2028"]
[PlyCount "30"]
[EventDate "2008.08.18"]
[EventType "swiss"]
[EventRounds "9"]
[EventCountry "ROU"]
[SourceTitle "CBM 125 Extra"]
[Source "ChessBase"]
[SourceDate "2008.09.01"]
[SourceVersion "1"]
[SourceVersionDate "2008.09.01"]
[SourceQuality "1"]

1. e4 e5 2. Nf3 f5 3. exf5 e4 4. Ne5 Nf6 5. Ng4 d5 6. Nxf6+ Qxf6 7. Qh5+ g6 8. fxg6 hxg6 9. Qxd5 Rh5 10. Qc4 Bc5 11. Qe2 Nc6 12. c3 Be6 13. b4 Bb6 14. b5 Nb4 15. Kd1 Nd3 0-1

[Event "Miercurea Ciuc Banc Post op 11th"]
[Site "Miercurea Ciuc"]
[Date "2008.08.18"]
[Round "1"]
[White "Andrei, Gheorghe"]
[Black "Costiuc, Ioan"]
[Result "1-0"]
[WhiteElo "2028"]
[BlackElo "1893"]
[PlyCount "77"]
[EventDate "2008.08.18"]
[EventType "swiss"]
[EventRounds "9"]
[EventCountry "ROU"]
[SourceTitle "CBM 125 Extra"]
[Source "ChessBase"]
[SourceDate "2008.09.01"]
[SourceVersion "1"]
[SourceVersionDate "2008.09.01"]
[SourceQuality "1"]

1. e4 e6 2. d4 d5 3. e5 c5 4. c3 Nc6 5. Nf3 Nge7 6. dxc5 Ng6 7. b4 Ncxe5 8. Nxe5 Nxe5 9. Bf4 Ng6 10. Be3 Be7 11. Bd3 Ne5 12. Bc2 Bf6 13. 0-0 0-0 14. Bd4 Bd7 15. Bxe5 Bxe5 16. Bxh7+ Kxh7 17. Qh5+ Kg8 18. Qxe5 b6 19. Nd2 bxc5 20. bxc5 Rc8 21. Nb3 Ba4 22. Qe3 Qc7 23. Rac1 Bxb3 24. axb3 Qxc5 25. Qg3 d4 26. c4 Rb8 27. Rfe1 Rfd8 28. Re5 Qa3 29. Rf1 Qxb3 30. Qh4 g6 31. c5 Qc2 32. Qf6 Rdc8 33. h4 Rxc5 34. h5 gxh5 35. Qg5+ Kf8 36. Rxc5 Qe2 37. Qf4 Rd8 38. Rc7 f5 39. Qh6+ 1-0

[Event "Miercurea Ciuc Banc Post op 10th"]
[Site "Miercurea Ciuc"]
[Date "2007.08.19"]
[Round "7"]
[White "Costiuc, Ioan"]
[Black "Andrei, Gheorghe"]
[Result "1-0"]
[WhiteElo "1859"]
[BlackElo "1131"]
[PlyCount "99"]
[EventDate "2007.08.19"]
[EventType "swiss"]
[EventRounds "9"]
[EventCountry "ROU"]
[SourceTitle "EXT 2010"]
[Source "ChessBase"]
[SourceDate "2010.11.25"]
[SourceVersion "1"]
[SourceVersionDate "2010.11.25"]
[SourceQuality "1"]

1. e4 e5 2. Nf3 Nc6 3. Bb5 a6 4. Ba4 Nf6 5. d3 d6 6. c3 Be7 7. h3 0-0 8. Bb3 b5 9. Bg5 Na5 10. Bc2 Bb7 11. Nbd2 h6 12. Be3 Nh7 13. h4 Rc8 14. g4 c5 15. g5 h5 16. Rg1 g6 17. Nh2 Qd7 18. Nhf1 Nc6 19. Ng3 Kh8 20. f4 exf4 21. Bxf4 Ne5 22. Qe2 Ng4 23. 0-0-0 b4 24. c4 Rfe8 25. Nf3 Bf8 26. Nh2 Bg7 27. Nxg4 hxg4 28. h5 Kg8 29. hxg6 fxg6 30. Nf1 Bh8 31. Ne3 Qg7 32. Ba4 Rf8 33. Bxd6 Rf3 34. Nxg4 Nxg5 35. Be5 Qf8 36. Bxh8 Kxh8 37. Qh2+ Rh3 38. Qe5+ Qg7 39. Qxg5 Rf8 40. Rdf1 Rxf1+ 41. Rxf1 Bc8 42. Qd8+ Kh7 43. Qxc8 a5 44. Qd7 Qxd7 45. Bxd7 Rxd3 46. Kc2 Rg3 47. Rf2 a4 48. Nf6+ Kg7 49. Bxa4 g5 50. Nh5+ 1-0

[Event "Miercurea Ciuc Banc Post op 10th"]
[Site "Miercurea Ciuc"]
[Date "2007.08.19"]
[Round "5"]
[White "Stadler, Helmut"]
[Black "Andrei, Gheorghe"]
[Result "1-0"]
[WhiteElo "2012"]
[BlackElo "1131"]
[PlyCount "115"]
[EventDate "2007.08.19"]
[EventType "swiss"]
[EventRounds "9"]
[EventCountry "ROU"]
[SourceTitle "EXT 2010"]
[Source "ChessBase"]
[SourceDate "2010.11.25"]
[SourceVersion "1"]
[SourceVersionDate "2010.11.25"]
[SourceQuality "1"]

1. c4 f5 2. Nc3 Nf6 3. g3 c6 4. Bg2 e6 5. d4 d5 6. c5 Be7 7. Nf3 0-0 8. 0-0 a5 9. Na4 Nbd7 10. Qb3 Ra6 11. Bd2 Ne4 12. Bf4 g5 13. Bc1 g4 14. Nd2 h5 15. Nxe4 fxe4 16. f3 Nf6 17. Qe3 Rf7 18. fxe4 dxe4 19. Bxe4 Nd5 20. Qh6 Rxf1+ 21. Kxf1 Qf8+ 22. Qxf8+ Bxf8 23. Bg6 Bg7 24. Bxh5 b5 25. cxb6 Nxb6 26. Nxb6 Rxb6 27. Bxg4 Bxd4 28. Rb1 Kf7 29. b3 c5 30. e3 Ba6+ 31. Be2 Bxe2+ 32. Kxe2 Be5 33. Bd2 a4 34. b4 c4 35. Rc1 c3 36. Bxc3 Bxc3 37. Rxc3 Rxb4 38. Rc2 Rb1 39. Kf3 Ra1 40. h4 Kf6 41. Rf2 a3 42. Kf4 Rb1 43. g4 Rb2 44. Kf3 e5 45. e4 Kg6 46. Ke3 Kg7 47. Rd2 Kf6 48. Kd3 Rb1 49. Rg2 Rh1 50. h5 Kg5 51. Kc4 Re1 52. Kd5 Kf4 53. h6 Ra1 54. Ke6 Rh1 55. g5 Kxe4 56. Kf6 Kf3 57. Rc2 e4 58. Kg7 1-0

[Event "Miercurea Ciuc Banc Post op 10th"]
[Site "Miercurea Ciuc"]
[Date "2007.08.19"]
[Round "2"]
[White "Szakats, Stefan"]
[Black "Andrei, Gheorghe"]
[Result "1/2-1/2"]
[WhiteElo "1862"]
[BlackElo "1131"]
[PlyCount "100"]
[EventDate "2007.08.19"]
[EventType "swiss"]
[EventRounds "9"]
[EventCountry "ROU"]
[SourceTitle "EXT 2010"]
[Source "ChessBase"]
[SourceDate "2010.11.25"]
[SourceVersion "1"]
[SourceVersionDate "2010.11.25"]
[SourceQuality "1"]

1. e4 d6 2. d4 g6 3. Be2 Bg7 4. Nf3 Nd7 5. c3 e5 6. Bg5 Ne7 7. dxe5 dxe5 8. Na3 f6 9. Be3 0-0 10. Qb3+ Kh8 11. Rd1 a6 12. 0-0 Qe8 13. h3 f5 14. exf5 gxf5 15. Ng5 Nb6 16. Bxb6 cxb6 17. Qxb6 Nc6 18. Rd6 Qe7 19. Rxc6 bxc6 20. Qxc6 Bd7 21. Qc7 Rac8 22. Qa7 Ra8 23. Qc7 e4 24. Rd1 Rad8 25. h4 h6 26. Nh3 Be5 27. Qb6 Rf6 28. Qa5 Rd6 29. Rxd6 Bxd6 30. Nc4 Bb8 31. Qxa6 Kh7 32. Qb7 Kh8 33. Nb6 Qd6 34. Nc4 Qh2+ 35. Kf1 Qh1+ 36. Ng1 Bh2 37. Ke1 Qxg1+ 38. Bf1 Be6 39. Ne3 Rd2 40. Kxd2 Qxf2+ 41. Be2 Bg3 42. Qa8+ Kg7 43. Qa7+ Kg6 44. h5+ Kf6 45. Qd4+ Kf7 46. Qa7+ Ke8 47. Qa8+ Kd7 48. Qb7+ Bc7 49. Nd5 Bxd5 50. Qxd5+ Bd6 1/2-1/2

[Event "San Agustin op 11th"]
[Site "Aviles"]
[Date "2006.08.05"]
[Round "1"]
[White "Andrei, Gheorghe"]
[Black "Brethes, Francois"]
[Result "0-1"]
[WhiteElo "2131"]
[BlackElo "2158"]
[PlyCount "84"]
[EventDate "2006.08.05"]
[EventType "swiss"]
[EventRounds "9"]
[EventCountry "ESP"]
[SourceTitle "CBM 113 Extra"]
[Source "ChessBase"]
[SourceDate "2006.09.14"]
[SourceVersion "1"]
[SourceVersionDate "2006.09.14"]
[SourceQuality "1"]

1. c4 c6 2. Nc3 Nf6 3. Nf3 d5 4. cxd5 cxd5 5. d4 Nc6 6. g3 Bf5 7. a3 Rc8 8. Bg2 e6 9. 0-0 Bd6 10. Bg5 h6 11. Bxf6 Qxf6 12. e3 0-0 13. Re1 Qe7 14. e4 dxe4 15. Nxe4 Rfd8 16. h3 Bc7 17. Rc1 Bb6 18. Nc5 Bh7 19. b4 a5 20. Qd2 axb4 21. axb4 Ba7 22. b5 Nxd4 23. Nxd4 Bxc5 24. Red1 Bxd4 25. Rxc8 Bxf2+ 26. Qxf2 Rxc8 27. Qb6 Bf5 28. g4 Bg6 29. Qxb7 Qc5+ 30. Kh2 Qe5+ 31. Kg1 Rb8 32. Qc6 Rxb5 33. h4 Rb4 34. h5 Be4 35. Bxe4 Rxe4 36. Qc8+ Kh7 37. Qc2 f5 38. gxf5 Rg4+ 39. Kf1 Qf4+ 40. Qf2 Qc4+ 41. Qe2 Rf4+ 42. Ke1 Re4 0-1

[Event "Odorheiu Secuiesc op"]
[Site "Odorheiu Secuiesc"]
[Date "1993.??.??"]
[Round "2"]
[White "Vajda, Levente"]
[Black "Andrei, Gheorghe"]
[Result "1-0"]
[WhiteElo "2105"]
[BlackElo "2245"]
[PlyCount "67"]
[EventDate "1993.05.??"]
[EventType "swiss"]
[EventRounds "11"]
[EventCountry "ROU"]
[SourceTitle "TD"]
[Source "ChessBase"]
[SourceDate "1994.03.01"]
[SourceVersion "1"]
[SourceVersionDate "1994.03.01"]
[SourceQuality "1"]

1. e4 d6 2. d4 g6 3. c4 Bg7 4. Nc3 Nf6 5. f3 a5 6. Be3 Nbd7 7. Qd2 e5 8. d5 b6 9. g4 Nc5 10. h4 h5 11. g5 Nfd7 12. Nge2 Ba6 13. Ng3 0-0 14. Be2 Nb8 15. Kf2 Bc8 16. Rag1 Nba6 17. Rh2 Bd7 18. Kg2 Rb8 19. Kh1 Qe8 20. Rf2 a4 21. f4 exf4 22. Rxf4 Be5 23. Bd4 Nb4 24. Bxe5 Qxe5 25. Rf6 Rbe8 26. Rf4 Nbd3 27. Rf3 Nb4 28. Rf6 Bh3 29. Qd1 Nxa2 30. Nxa2 Nxe4 31. Qd3 Nxf6 32. gxf6 Qxf6 33. Nxh5 Qxh4 34. Rxg6+ 1-0